Gymnastique populaire raisonnée (Record no. 156507)

MARC details
000 -LEADER
campo de control de longitud fija 00740nam a22001935i 4500
001 - NÚMERO DE CONTROL
campo de control 156507
003 - IDENTIFICADOR DE NÚMERO DE CONTROL
campo de control ES-MaACL
005 - FECHA Y HORA DE LA ÚLTIMA TRANSACCIÓN
campo de control 20230906210427.0
008 - DATOS DE LONGITUD FIJA--INFORMACIÓN GENERAL
campo de control de longitud fija 040805s1873 fr a |||| | fre d
040 ## - FUENTE DE CATALOGACIÓN
Centro catalogador/agencia de origen CAM
Lengua de catalogación spa
Centro/agencia transcriptor CAM
100 1# - ENTRADA PRINCIPAL--NOMBRE DE PERSONA
Nombre de persona Junod, Alfred.
9 (RLIN) 128401
245 10 - MENCIÓN DEL TÍTULO
Título Gymnastique populaire raisonnée
Resto del título : a l'usage des écoles primaires, secondaires & supérieures ainsi que pour tous les ages /
Mención de responsabilidad, etc. par Junod & Senglet.
260 ## - PUBLICACIÓN, DISTRIBUCIÓN, ETC.
Lugar de publicación, distribución, etc. Paris :
Nombre del editor, distribuidor, etc. Sandoz & Fischbacher ;
Lugar de publicación, distribución, etc. Nauchate: librairie Générale de J. Sandoz.
300 ## - DESCRIPCIÓN FÍSICA
Extensión 382 p. :
Otras características físicas il. ;
Dimensiones 19 cm.
650 ## - PUNTO DE ACCESO ADICIONAL DE MATERIA--TÉRMINO DE MATERIA
Término de materia o nombre geográfico como elemento de entrada Gimnasia.
9 (RLIN) 148136
650 #4 - PUNTO DE ACCESO ADICIONAL DE MATERIA--TÉRMINO DE MATERIA
Término de materia o nombre geográfico como elemento de entrada Eduación física.
9 (RLIN) 12071
700 11 - ENTRADA AGREGADA--NOMBRE PERSONAL
Nombre de persona Senglet.
9 (RLIN) 132647
852 ## - LOCALIZACIÓN
Ubicación ES-MaACL
Número de control de estantería D-1511
Nota libre -- Rúst.
-- -- Donación M. de la Fuente
Holdings
Estatus retirado Estado de pérdida Estado de daño No para préstamo Biblioteca de origen Biblioteca actual Ubicación en estantería Fecha de adquisición Fuente de adquisición Total de préstamos Signatura topográfica completa Código de barras Visto por última vez Precio de reemplazo Tipo de ítem Koha
        Biblioteca del Ateneo de Madrid Biblioteca del Ateneo de Madrid Sala Valle Inclán 17/01/2008     D-1511 901163743 23/02/2023 23/02/2023 Libro impreso